Powering the Economy; Opportunities and Risks of Artificial Intelligence in Finanace (Record no. 1151)
[ view plain ]
| 000 -LEADER | |
|---|---|
| fixed length control field | 00836nam a22002177a 4500 |
| 003 - CONTROL NUMBER IDENTIFIER | |
| control field | OSt |
| 005 - DATE AND TIME OF LATEST TRANSACTION | |
| control field | 20241113175213.0 |
| 008 - FIXED-LENGTH DATA ELEMENTS--GENERAL INFORMATION | |
| fixed length control field | 241113b |||||||| |||| 00| 0 eng d |
| 010 ## - LIBRARY OF CONGRESS CONTROL NUMBER | |
| LC control number | HC 79 I55 BOU |
| 020 ## - INTERNATIONAL STANDARD BOOK NUMBER | |
| International Standard Book Number | 97981589063952 |
| 040 ## - CATALOGING SOURCE | |
| Language of cataloging | English |
| Transcribing agency | Central University Library |
| 050 ## - LIBRARY OF CONGRESS CALL NUMBER | |
| Classification number | HC 79.155 BOU |
| 100 ## - MAIN ENTRY--PERSONAL NAME | |
| Personal name | Boukherouaa El Bachir and Shabsigh Ghiath |
| 245 ## - TITLE STATEMENT | |
| Title | Powering the Economy; Opportunities and Risks of Artificial Intelligence in Finanace |
| 260 ## - PUBLICATION, DISTRIBUTION, ETC. | |
| Place of publication, distribution, etc. | Washington DC |
| Name of publisher, distributor, etc. | IMF, Publication Services |
| Date of publication, distribution, etc. | 2021 |
| 300 ## - PHYSICAL DESCRIPTION | |
| Other physical details | 31 pages |
| 500 ## - GENERAL NOTE | |
| General note | includes bibliographical references |
| 600 ## - SUBJECT ADDED ENTRY--PERSONAL NAME | |
| Source of heading or term | LCSH: Artificial intelligence-Economic Aspects, Machine learning-economic aspects and Financial services industry -technological innovations |
| 700 ## - ADDED ENTRY--PERSONAL NAME | |
| Personal name | Boukherouaa, El Bachir and Shabsigh Ghiath |
| 942 ## - ADDED ENTRY ELEMENTS (KOHA) | |
| Source of classification or shelving scheme | Library of Congress Classification |
| Koha item type | Books |
| Suppress in OPAC | No |
| Withdrawn status | Lost status | Source of classification or shelving scheme | Damaged status | Not for loan | Home library | Current library | Shelving location | Date acquired | Total checkouts | Full call number | Barcode | Date last seen | Price effective from | Koha item type |
|---|---|---|---|---|---|---|---|---|---|---|---|---|---|---|
| Library of Congress Classification | Graduate Library (Christ Temple) | Graduate Library (Christ Temple) | General stacks | 11/13/2024 | HC 79. I55 BOU | GSC T00000012 | 11/13/2024 | 11/13/2024 | Books |